Environmental biotechnology and cleaner bioprocesses / (Record no. 329143)

000 -LEADER
fixed length control field 01312cam a22003374a 4500
001 - CONTROL NUMBER
control field 741814
003 - CONTROL NUMBER IDENTIFIER
control field ASAB
005 - DATE AND TIME OF LATEST TRANSACTION
control field 20170425114121.0
008 - FIXED-LENGTH DATA ELEMENTS--GENERAL INFORMATION
fixed length control field 990524s2000 nyua b 001 0 eng
010 ## - LIBRARY OF CONGRESS CONTROL NUMBER
LC control number 99031648
020 ## - INTERNATIONAL STANDARD BOOK NUMBER
International Standard Book Number 0748407294 (alk. paper)
040 ## - CATALOGING SOURCE
Original cataloging agency DLC
Transcribing agency ASAB
Modifying agency DLC
042 ## - AUTHENTICATION CODE
Authentication code pcc
050 00 - LIBRARY OF CONGRESS CALL NUMBER
Classification number TD192
Item number .E584 2000
082 00 - DEWEY DECIMAL CLASSIFICATION NUMBER
Classification number 628.5
Edition number 21
245 00 - TITLE STATEMENT
Title Environmental biotechnology and cleaner bioprocesses /
Statement of responsibility, etc. edited by Eugenia J. Olguin, Gloria Sanchez, Elizabeth Hernandez.
260 ## - PUBLICATION, DISTRIBUTION, ETC.
Place of publication, distribution, etc. New York :
Name of publisher, distributor, etc. Taylor & Francis,
Date of publication, distribution, etc. c2000.
300 ## - PHYSICAL DESCRIPTION
Extent xx, 319 p. :
Other physical details ill. ;
Dimensions 26 cm.
504 ## - BIBLIOGRAPHY, ETC. NOTE
Bibliography, etc. note Includes bibliographical references and index.
650 #0 - SUBJECT ADDED ENTRY--TOPICAL TERM
Topical term or geographic name entry element Bioremediation.
650 #0 - SUBJECT ADDED ENTRY--TOPICAL TERM
Topical term or geographic name entry element Biotechnology.
650 #0 - SUBJECT ADDED ENTRY--TOPICAL TERM
Topical term or geographic name entry element Production management
General subdivision Environmental aspects.
650 #0 - SUBJECT ADDED ENTRY--TOPICAL TERM
Topical term or geographic name entry element Sustainable development.
700 1# - ADDED ENTRY--PERSONAL NAME
Personal name Olguín, Eugenia.
700 1# - ADDED ENTRY--PERSONAL NAME
Personal name Sanchez, Gloria.
700 1# - ADDED ENTRY--PERSONAL NAME
Personal name Hernández Alvidrez, Elizabeth.
856 42 - ELECTRONIC LOCATION AND ACCESS
Materials specified Publisher description
Uniform Resource Identifier <a href="http://www.loc.gov/catdir/enhancements/fy0745/99031648-d.html">http://www.loc.gov/catdir/enhancements/fy0745/99031648-d.html</a>
906 ## - LOCAL DATA ELEMENT F, LDF (RLIN)
a 7
b cbc
c orignew
d 1
e ocip
f 19
g y-gencatlg
942 ## - ADDED ENTRY ELEMENTS (KOHA)
Source of classification or shelving scheme
Koha item type Book
Holdings
Withdrawn status Lost status Source of classification or shelving scheme Damaged status Not for loan Collection code Permanent Location Current Location Date acquired Total Checkouts Full call number Barcode Date last seen Price effective from Koha item type
            Atta-ur-Rahman School of Applied Biosciences (ASAB) Atta-ur-Rahman School of Applied Biosciences (ASAB) 04/25/2017   628.5 OLG ASAB1819 04/25/2017 04/25/2017 Book
© 2023 Central Library, National University of Sciences and Technology. All Rights Reserved.